| 000 | 00000nam##2200000za#4500 |
| 001 | 9.576759 |
| 003 | CaOODSP |
| 005 | 20210624185306 |
| 007 | cr ||||||||||| |
| 008 | 150406|1996||||xxc|||||o f|0| 0 eng|d |
| 040 | |aCaOODSP|beng |
| 043 | |an-cn--- |
| 086 | 1 |aSC91-4/1996E-PDF |
| 110 | 1 |aCanada.|bCanadian Centre for Management Development. |
| 245 | 14|aThe decline of civil society : |h[electronic resource]|bHow come? So what? / |cby Robert D. Putnam. |
| 260 | |aOttawa - Ontario : |bCanadian Centre for Management Development |c1996. |
| 300 | |a32p.|breferences |
| 490 | 1 |aJohn L. Manion lecture |
| 500 | |aCatalogue number and ISBN for the print edition appear in this electronic version. |
| 590 | |a13-15-Supp|b2013-06-24 |
| 690 | 07|aPublic administration|2gcpds |
| 690 | 07|aSociology|2gcpds |
| 690 | 07|aPolitical science|2gcpds |
| 775 | 08|tLa société civile en déclin : |w(CaOODSP)9.605749 |
| 830 | #0|aJohn L. Manion Lecture.|w(CaOODSP)9.504714 |
| 856 | 40|ahttp://publications.gc.ca|qPDF|s618 KB|uhttps://publications.gc.ca/collections/Collection/SC91-4-1996E.pdf |